LEADER 00616naa a2200133 i 4500 001 000000315308 003 CaOOAMICUS 005 20180831173148.0 008 180831n it u000 u ita u 013 $a29775 040 $aSeMil$bita 245 13$aLa genesi storica dell'odierna crisi sociale economica. Il programma dei cattolici di fronte al socialismo. 773 0 $tFare l'Italia, fare gli Italiani.$dRoma : AVE, 2011.$kSeme e l'aratro$z978-88-8284-614-5$gp.152-159$w()215805 996 $6245$aLa genesi storica dell'odierna crisi sociale economica. Il programma dei cattolici di fronte al socialismo$9(OLS)http://semarc/title/415691 LEADER 00788naa a2200145 i 4500 001 000000299232 003 CaOOAMICUS 005 20180831172639.0 008 180831n xx u000 u und u 013 $a6870 040 $aSeMil$bita 100 1 $aFocant, Camille <1946- >.$0(OLS)http://semarc/name/19761 245 10$aDu Fils de l'homme assis (Lc 22,69) au Fils de l'homme debout (Ac 7,56) :$bEnjeux théologique et littéraire d'un changement sémantique. 773 0 $tUnity of Luke-Acts.$dLeuven : University Press, 1999.$kBibliotheca Ephemeridum Theologicarum Lovaniensium$z90-6186-955-2$z90-429-0762-2$w()71624 996 $6245$aDu Fils de l'homme assis (Lc 22,69) au Fils de l'homme debout (Ac 7,56) :$bEnjeux théologique et littéraire d'un changement sémantique$9(OLS)http://semarc/title/375253